| 000 | 00501cam a2200169 4500 | ||
|---|---|---|---|
| 001 | 2662736 | ||
| 005 | 20250602084350.0 | ||
| 008 | 710831s1971 nyu b 000 0 eng | ||
| 050 | 0 | 0 |
_aBV4011 _b.H58 |
| 082 | 0 | 0 | _a250 |
| 100 | 1 |
_aHolmes, Urban T., _cIII, _d1930-1981. |
|
| 245 | 1 | 4 |
_aThe future shape of ministry; _ba theological projection _c[by] Urban T. Holmes III. |
| 260 |
_aNew York, _bSeabury Press _c[1971] |
||
| 300 |
_avi, 310 p. _c21 cm. |
||
| 650 | 0 | _aPastoral theology. | |
| 942 |
_2lcc _cBK _n0 |
||
| 999 |
_c6114 _d6114 |
||